| 000 | 01179naa a22002897a 4500 | ||
|---|---|---|---|
| 001 | BR0705159 | ||
| 003 | BR-BrBNA | ||
| 005 | 20240918181928.0 | ||
| 007 | ta | ||
| 008 | 230509b bl.||||| |||| 00| 0 por d | ||
| 040 |
_aBR-BrBNA _bpor _cBiblioteca Nacional de Agricultura |
||
| 041 | _a(Pt) | ||
| 072 | _aM40; M12 | ||
| 090 | _aM40 BR0705159 | ||
| 100 | 1 | _aBrandini, F.P. | |
| 100 | 1 | _aSilva, A.S. da | |
| 100 | 1 | _aProença, L.A. de O. | |
| 245 | 1 | _aOceanografia e maricultura | |
| 260 | 3 |
_aBrasilia, DF (Brasil): _c2000. |
|
| 500 | _aValenti, W.C.; Poli, C.R.; Pereira, J.A.; Borghetti, J.R. (eds.) Aquicultura no Brasil; bases para um desenvolvimento sustentável Brasilia, DF (Brasil): 2000. p. 107--141 (BR0705159-AM)M40 | ||
| 650 | _aOCEANOGRAFIA | ||
| 650 | _aMARICULTURA | ||
| 650 | _aAQUACULTURA | ||
| 773 | 0 |
_tAquicultura no Brasil; bases para um desenvolvimento sustentável _aValenti, W.C.; Poli, C.R.; Pereira, J.A.; Borghetti, J.R. (eds.). Conselho Nacional de Desenvolvimento Cientifico e Tecnologico, Brasilia, DF (Brasil) _wM40 BR0705159 _gBrasilia, DF (Brasil), 2000. p. 107--141 |
|
| 909 |
_a202404 _bLucia _c55 _dLucia Elande |
||
| 942 |
_cAM _2AGRIS |
||
| 999 |
_c327557 _d327557 |
||